000 00773nam a2200229 a 4500
001 38949
003 BD-RjUL
005 20211209052905.0
008 160324s2014 bg ||||| |||| 00| 0 ben d
020 _a9847013305118
_c: TK. 100.00
035 _a(BD-RjUL)39059
040 _aBD-RjUL
_bben
_cBD-RjUL
041 _aben
082 _223
_a891.443
_bISS 2014
100 _aইসলাম, মাহবুবা
_9120257
245 1 0 _aশেষ বেলায় /
_cমাহবুবা ইসলাম
260 _aঢাকা :
_bকাকলী প্রকাশনী,
_c২০১৪।
300 _a৫৫ পৃ. ;
_c২২ সেমি.
650 _aবাংলা উপন্যাস
_9120258
650 _aBengali Fiction
_9120259
942 _2ddc
_cBK
_04
999 _c38949
_d38949